Eastern Utah Libraries Catalog: Duchesne, Heber, Roosevelt, & Vernal

La princesa no tan perfecta y el dragon no tan terrible / (Record no. 395576)

MARC details
000 -LEADER
fixed length control field 01355nam a2200289 4500
001 - CONTROL NUMBER
control field 2346512
003 - CONTROL NUMBER IDENTIFIER
control field IlCrPQL
005 - DATE AND TIME OF LATEST TRANSACTION
control field 20240417154100.0
008 - FIXED-LENGTH DATA ELEMENTS--GENERAL INFORMATION
fixed length control field 240416s2023 sp a 000 1 spa
020 ## - INTERNATIONAL STANDARD BOOK NUMBER
International Standard Book Number 8491456643
020 ## - INTERNATIONAL STANDARD BOOK NUMBER
International Standard Book Number 9788491456643
040 ## - CATALOGING SOURCE
Transcribing agency IlCrPQL
082 14 - DEWEY DECIMAL CLASSIFICATION NUMBER
Classification number [E]
Edition number 23
100 1# - MAIN ENTRY--PERSONAL NAME
Personal name Sanders, Jayneen.
9 (RLIN) 5964979
245 13 - TITLE STATEMENT
Title La princesa no tan perfecta y el dragon no tan terrible /
Statement of responsibility, etc Jayneen Sanders ; illustrated by Paula J. Becker.
260 ## - PUBLICATION, DISTRIBUTION, ETC. (IMPRINT)
Place of publication, distribution, etc Barcelona :
Name of publisher, distributor, etc Ediciones Obelisco,
Date of publication, distribution, etc 2023.
300 ## - PHYSICAL DESCRIPTION
Extent 37 p. :
Other physical details col. ill. ;
Dimensions 28 cm
520 ## - SUMMARY, ETC.
Summary, etc Princess Petal is NOT what you would expect the 'perfect' princess to be. In fact, she is quite the opposite. Her princess dresses are torn and scruffy, she wears an old woolly hat instead of a golden crown and she is very (very) loud. So when Princess Petal meets a fire-breathing dragon while out hiking in the forest, both are in for a bit of a shock! An enchanting tale about friendship, diversity, acceptance and being exactly who we are meant to be.
521 2# - TARGET AUDIENCE NOTE
Target audience note PK1.
546 8# - LANGUAGE NOTE
Language note In Spanish
650 #7 - SUBJECT ADDED ENTRY--TOPICAL TERM
Topical term or geographic name as entry element Dragons
Source of heading or term sears
Form subdivision Fiction.
9 (RLIN) 5673926
650 #7 - SUBJECT ADDED ENTRY--TOPICAL TERM
Topical term or geographic name as entry element Empathy
Source of heading or term sears
Form subdivision Fiction.
9 (RLIN) 5709627
650 #7 - SUBJECT ADDED ENTRY--TOPICAL TERM
Topical term or geographic name as entry element Sex role
Source of heading or term sears
Form subdivision Fiction.
9 (RLIN) 5679117
650 #7 - SUBJECT ADDED ENTRY--TOPICAL TERM
Topical term or geographic name as entry element Spanish language materials.
Source of heading or term sears
700 1# - ADDED ENTRY--PERSONAL NAME
Personal name Becker, Paula J.,
Relator term ill.
9 (RLIN) 6485655
852 ## - LOCATION/CALL NUMBER
-- 18.95
Holdings
Withdrawn status Lost status Source of classification or shelving scheme Damaged status Not for loan Collection code Home library Current library Shelving location Date acquired Source of acquisition Total Checkouts Total Renewals Full call number Barcode Date last seen Date checked out Cost, replacement price Price effective from Koha item type
    Dewey Decimal Classification     Spanish Children Picture Book Wasatch County Library Wasatch County Library First Floor 11/20/2025 Libraria 1 1 E Sanders 34301002173237 12/14/2025 11/22/2025 18.95 11/20/2025 BOOK
This project was made possible through a grant from the Institute of Museum and Library Service administered by the Utah State Library Division.

Wasatch County Library

  • 465 East 1200 South, Heber City, Utah 84032
  • Phone 435-654-1511 | Fax 435-654-6456

Hours

  • Monday - Friday 9:30 AM - 8:00 PM
  • Saturday 9:30 AM - 1:30 PM
  • Closed Sundays and Holidays